| 000 | 00441nam a2200181 i 4500 | ||
|---|---|---|---|
| 001 | bg | ||
| 100 | 1 |
_aGórski, Eugeniusz _d(1924- ). |
|
| 245 | 0 |
_aPoradnik frezera / _cEugeniusz Górski. |
|
| 250 | _aWyd.6 przerob. i uzup. | ||
| 260 |
_aWarszawa : _bWNT, _c1974. |
||
| 650 | 9 | _aFrezowanie | |
| 655 | _aPoradniki | ||
| 040 | _cBPK | ||
| 041 | _apol | ||
| 080 | _a621.91(083) | ||
| 942 | _cKS | ||
| 008 | s pl f |000 0 pol | ||
| 999 |
_c5913 _d5913 |
||
| 856 |
_uhttp://koha.tu.koszalin.pl/cgi-bin/koha/opac-detail.pl?biblionumber=5913 _yKatalog online BPK |
||